|
|
|
|
| LEADER |
00000nam a2200000 4500 |
| 001 |
vtls011973100 |
| 003 |
SK-MaSNL |
| 005 |
20260301145453.0 |
| 008 |
251112s1734 gw f 000 0 lat |
| 015 |
|
|
|a SNBHFA1734
|
| 040 |
|
|
|a SNKHF
|b slo
|c SNKHF
|e rda
|
| 041 |
0 |
|
|a lat
|
| 044 |
|
|
|a gw
|c DE
|
| 072 |
|
7 |
|a 2-23/-27
|x Biblia. Biblistika
|2 konspekt
|
| 080 |
|
|
|a 2-27
|2 2011
|
| 080 |
|
|
|a 2-1
|2 2011
|
| 080 |
|
|
|a (043.3)
|2 2011
|
| 100 |
1 |
|
|a Henrici, Johann Christian,
|d 1749-1818
|4 aut
|9 505305
|
| 245 |
1 |
0 |
|a Symmikta Vitae Paullinae Maxime Familiaris Disp. II
|c Praeside M. Jo. Christiano Sintenis Stolberga-Cherusco ; Publice Defendet M. Jo. Christianus Henrici Nieder-Seefelda Saxo
|
| 264 |
|
3 |
|a Vitembergae
|b Literis Gerdesiae Vidvae
|c 1734
|
| 300 |
|
|
|a 16 strán
|c 4°
|
| 336 |
|
|
|a text
|b txt
|2 rdacontent
|
| 337 |
|
|
|a bez média
|b n
|2 rdamedia
|
| 338 |
|
|
|a zväzok
|b nc
|2 rdacarrier
|
| 500 |
|
|
|a Vineta, iniciálky na 2, 5 riadkov, kustody
|
| 501 |
|
|
|a Príväzok 4. k: GUDE, Gottlob Friedrich. Problematum Philologico-exegeticorum Biga. Halæ Magdeb.: Sumtu Hendeliano, 1744. 4°.
|5 SNK IC 146004
|
| 502 |
|
|
|a Dizertačná práca (Doktor) -- Universität Wittenberg, Wittenberg, 1734
|
| 510 |
4 |
|
|a VD18
|c 1053752X
|
| 546 |
|
|
|a Latinčina
|b Kurzíva
|
| 561 |
|
|
|a Z knižnice Učenej spoločnosti malohontskej.
|5 SNK IC 146004/prív.4
|
| 650 |
0 |
7 |
|a biblistika
|2 SNKPH
|9 1798
|
| 650 |
0 |
7 |
|a teológia
|2 SNKPH
|9 1814
|
| 655 |
|
7 |
|a dizertácie
|2 SNKPH
|9 70277
|
| 700 |
1 |
|
|a Sintenis, Johann Christian
|4 ths
|9 505306
|
| 700 |
1 |
|
|a Gerdes, Christian,
|c vdova,
|d 17.-18. storočie
|4 prt
|9 187121
|
| 710 |
2 |
|
|a Učená spoločnosť malohontská
|4 fmo
|9 205374
|
| 710 |
0 |
|
|a Gerdes, Christian - vdova (Wittenberg, Nemecko)
|4 prt
|9 205388
|
| 752 |
|
|
|a Nemecko
|d Wittenberg
|
| 852 |
|
|
|a snk
|b Historické fondy
|p IC 146004/prív.4
|
| 958 |
|
|
|a DD
|
| 958 |
|
|
|a ONDV
|
| 999 |
|
|
|c 780293
|d 782223
|
| 952 |
|
|
|t MHC 1508
|a SNK
|b SNK
|c SNK_HF
|y PREZ
|7 0
|p 17A1358204
|o snkIC 146004/prív.4
|i snk2020/10035
|8 5
|0 0
|1 0
|4 0
|d 2020-06-10
|l 0
|r 2026-02-24 01:02:36
|w 2026-02-24
|